| 000 | 00435nam a22001697a 4500 | ||
|---|---|---|---|
| 005 | 20251108165812.0 | ||
| 008 | 250721s1986 xx 000 0 ara d | ||
| 082 | 1 | 4 | _aط/623.82/بوا |
| 245 | 1 | 0 | _aالبواخر / |
| 250 | _aط5 | ||
| 264 | 1 |
_aبيروت : _bدار المشرق، _c1986. |
|
| 300 | _a26ص :مص | ||
| 490 | 0 | _aمجموعة نبيل و زينه-7 | |
| 650 | 1 | 7 | _aالسفن |
| 942 |
_2ddc _cBK |
||
| 999 |
_c31685 _d31685 |
||